| 000 | 00935naa a22002777u 4500 | ||
|---|---|---|---|
| 001 | 05460 | ||
| 003 | HDC | ||
| 007 | cr bn ---aaaaa | ||
| 008 | 210120s2006 xx a b 001 0 eng | ||
| 040 | _aHDC | ||
| 100 |
_aPegg, Ronald B., _eauthor _95697 |
||
| 245 | 0 |
_aProcessing of Nitrite-Free Cured Meats / _cby Ronald B. Pegg and Fereidoon Shahidi |
|
| 260 |
_a[No Place] : _b[publisher not identified], _c2006 |
||
| 300 | _a19 pages | ||
| 336 |
_atext _2rdacontent |
||
| 337 |
_acomputer _2rdamedia |
||
| 338 |
_aonline resource _2rdacarrier |
||
| 500 | _aOriginal from book | ||
| 650 |
_aMeat industry _92353 |
||
| 650 |
_aMeat quality _970 |
||
| 700 |
_aShahidi, Fereidoon, _eauthor _95698 |
||
| 856 | _zRequest full-text at [email protected] | ||
| 942 | _2lcc | ||
| 942 | _cCHAP | ||
| 942 | _kEBCH 002774 | ||
| 999 |
_c2784 _d2784 |
||